000 00604nam a2200169 i 4500
001 60310
003 ES-MaACL
007 t|
008 031104s1955 sp ||||1| spa d
100 1 _aEspel Uranga, Carlos.
_947805
245 1 3 _aEl País Vasco /
_cCarlos Espel Uranga y Víctor Arana Gaiztarro ; [traducciones Alfred Candessus].
260 _a[S.l. :
_bs.n.,
_c1955] (
_eSan Sebastián :
_fIndustrias gráficas H. Echevarría)
300 _a90 h., 50 lám., map. :
_bil. ;
_c31 cm.
700 1 _aArana Gaiztarro.
_922255
700 1 _aCandessus, Alfred.
_934463
852 _aES-MaACL
_jC-9376
_bR.37786
999 _c60310
_d60310